00935nam a22002291 450000100060000000300080000600500170001400800390003103500190007003500190008904000260010804100080013408200230014210000430016524501630020826000570037130000240042850001310045250400300058360000710061365100210068421800BD-RjUL20211209000730.0140305s1940 uk 001 0 eng a(BD-RjUL)21865 a(BD-RjUL)21865 aDLCcOCdBD-RjULbeng aeng a891.411bSOS 19401 aSorley, H. T.q(Herbert Tower),d1892-00aShāh Abdul Latīf of Bhit: his poetry, life and times :ba study of literary, social and economic conditions in eighteenth century Sind /cby H. T. Sorley. aLondon,bH. Milford, Oxford university press,c1940. ax, 432 p. :c22 cm. a"The Risālo of Shāh Abdul Latīf of Bhit, re-arranged and translated into English verse [by H. T. Sorley]": p. [299]-420. aBibliography: p. 179-186.00aʻAbd al-Laṭīf,cShah,dapproximately 1689-approximately 1752. 0aSindh (Pakistan)